Личное дело о стипендиате, слушателе Лейпцигской семинарии Федоре Лебедеве

Доступно только в Электронных читальных залах Найти на картеНа карте
RUSMARC
00003689nmc2a22002413x 450
0014f22da9e-5892-4176-bc00-5d4319b3bff3
00520231211174524.0
100##$a20230503l18781878k l0rusy0189 ca
1010#$arus
102##$aRU
105##$ay###
1222#$ad
2001#$aЛичное дело о стипендиате, слушателе Лейпцигской семинарии Федоре Лебедеве
$j1878 г.
215##$a17 л.
$d36,5х26 см
251##$cДело
300##$aДело
371##$aДокумент не является опубликованным и широко распространяемым
461#0$1001a74412a3-3cc5-4d21-8f0a-dfe2fbd9e72d
$12001
$aДепартамент народного просвещения Министерства народного просвещения (1803-1917)
$1251
$cФонд
$1852
$j733
462#0$1001f272017d-f39c-4b36-bfde-3cb8dc43f3af
$12001
$aДела по Русской филологической семинарии в Лейпциге (для подготовки учителей древних языков) и Русской семинарии по римскому праву в Берлине (для подготовки профессоров)
$1251
$cОпись
$1852
$j234
801#0$aRU
$bРГИА
$c20230503
$gRCR
801#1$aRU
$bГлавНИВЦ
$c20230503
$2rusmarc
801#2$aRU
$bПБ им. Б.Н. Ельцина
$c20231211
$gRCR
$2rusmarc
850##$aРГИА
852##$aРГИА
$eФедеральное казенное учреждение "Российский государственный исторический архив" (РГИА)
$j51
937##$hРГИА
$d12398666
$aASBIBLIO_SCAN
035##$aRusGRCC00064085
856##$uhttp://readingroom.main.prlib.ru/item.aspx?id_node=n189706298&mode=full
Формат отображения